000 00448nam a2200157Ia 4500
003 LK-CoDNM
008 010623t1912 xxu||||| |||| 00| 1 eng d
040 _aLK-CoDNM
_dLK-CoDNM
_eLK-CoDNM
041 _aeng
100 _aAllen,F.Sturges.
_eed.
245 _aWebster's new International Dictionary of the English Language
260 _bG.Bell and Sons
_aLondon
_c1912
300 _b1291p-2620p,pl., 30 cm
700 _aHarris,W.T.
_eed.
942 _cBK
999 _c87599
_d87599